Normal view
MARC view
- Wedzicha, B L
Entry Personal Name
001 - CONTROL NUMBER
- control field: 6140
003 - CONTROL NUMBER IDENTIFIER
- control field: OSt
005 - DATE AND TIME OF LATEST TRANSACTION
- control field: 20240320120616.0
008 - FIXED-LENGTH DATA ELEMENTS
- fixed length control field: 240320|| aca||aabn | a|a d
040 ## - CATALOGING SOURCE
- Original cataloging agency: OSt
- Transcribing agency: OSt
100 ## - HEADING--PERSONAL NAME
- Personal name: Wedzicha, B L
670 ## - SOURCE DATA FOUND
- Source citation: Work cat.: (OSt)3768: Foust, Alan S. 6139, Chemistry in sulphur dioxide in foods / , 1963.
